|
|
|
|
| LEADER |
01076nab a2200277 i 4500 |
| 001 |
publ16015 |
| 005 |
20190705113831.0 |
| 008 |
190705s2018 hu o 0|| angol d |
| 022 |
|
|
|a 0020-1693
|
| 024 |
7 |
|
|a 10.1016/j.ica.2017.07.001
|2 doi
|
| 024 |
7 |
|
|a 3245874
|2 mtmt
|
| 040 |
|
|
|a SZTE Publicatio Repozitórium
|b hun
|
| 041 |
|
|
|a angol
|
| 100 |
1 |
|
|a Dömötör Orsolya
|
| 245 |
1 |
2 |
|a A comparative study of α-N-pyridyl thiosemicarbazones
|h [elektronikus dokumentum] :
|b spectroscopic properties, solution stability and copper(II) complexation /
|c Dömötör Orsolya
|
| 260 |
|
|
|c 2018
|
| 300 |
|
|
|a 264-275
|
| 490 |
0 |
|
|a INORGANICA CHIMICA ACTA
|v 472 No. SI
|
| 700 |
0 |
1 |
|a May Nóra Veronika
|e aut
|
| 700 |
0 |
1 |
|a Pelivan Karla
|e aut
|
| 700 |
0 |
1 |
|a Kiss Tamás
|e aut
|
| 700 |
0 |
1 |
|a Keppler Bernhard K.
|e aut
|
| 700 |
0 |
1 |
|a Kowol Christian R.
|e aut
|
| 700 |
0 |
1 |
|a Enyedy Éva Anna
|e aut
|
| 856 |
4 |
0 |
|u http://publicatio.bibl.u-szeged.hu/16015/1/Domotor_ICA_2018.pdf
|z Dokumentum-elérés
|
| 856 |
4 |
0 |
|u http://publicatio.bibl.u-szeged.hu/16015/7/Domotor_et_al_TSCs_ICA_u.pdf
|z Dokumentum-elérés
|